ბათუმის შოთა რუსთაველის სახელმწიფო უნივერსიტეტის ბიბლიოთეკა

Введение в международное Экологическое право : (ბიბ.ჩანაწერი № 35963)

000 -LEADER
fixed length control field 00891nam a2200229Ia 4500
001 - CONTROL NUMBER
control field 1862
003 - CONTROL NUMBER IDENTIFIER
control field GE_BSU
005 - DATE AND TIME OF LATEST TRANSACTION
control field 20221007120503.0
008 - FIXED-LENGTH DATA ELEMENTS--GENERAL INFORMATION
fixed length control field 181216s2007ru xx |||||||||||||| ||rus||
010 ## - LIBRARY OF CONGRESS CONTROL NUMBER
LC control number 985209025603
040 ## - CATALOGING SOURCE
Transcribing agency GE_BSU
041 ## - LANGUAGE CODE
Language code of text/sound track or separate title rus
080 ## - UNIVERSAL DECIMAL CLASSIFICATION NUMBER
Universal Decimal Classification number 349.444(075.8) К-55
100 ## - MAIN ENTRY--PERSONAL NAME
Personal name Копылов, М.Н.
9 (RLIN) 15138
245 ## - TITLE STATEMENT
Title Введение в международное Экологическое право :
Remainder of title Учебное пособие /
Statement of responsibility, etc. М.Н. Копылов
264 ## - PRODUCTION, PUBLICATION, DISTRIBUTION, MANUFACTURE, AND COPYRIGHT NOTICE
Place of production, publication, distribution, manufacture Москва :
Name of producer, publisher, distributor, manufacturer РУДН,
Date of production, publication, distribution, manufacture, or copyright notice 2007.
300 ## - PHYSICAL DESCRIPTION
Extent 267 с.:
Other physical details 21 см.
653 ## - INDEX TERM--UNCONTROLLED
keyword Введение в международное Экологическое право
653 ## - INDEX TERM--UNCONTROLLED
keyword შესავალი საერთაშორისო გარემოსდაცვით სამართალში
653 ## - INDEX TERM--UNCONTROLLED
keyword სამართალი
942 ## - ADDED ENTRY ELEMENTS (KOHA)
Koha item type წიგნი
Source of classification or shelving scheme
ეგზემპლარები
Withdrawn status Lost status Source of classification or shelving scheme Damaged status Not for loan Permanent Location Current Location Shelving location Date acquired Cost, normal purchase price Full call number Barcode Date last seen Copy number Price effective from Koha item type Public note
          ბათუმის შოთა რუსთაველის სახელმწიფო უნივერსიტეტის მთავარი ბიბლიოთეკა ბათუმის შოთა რუსთაველის სახელმწიფო უნივერსიტეტის მთავარი ბიბლიოთეკა წიგნსაცავი 2018-12-17 10.00 349.444(075.8) К-55 3889 2018-12-17 3889 2018-12-17 წიგნი 10.00